Medical Underwriting
Guardado en:
| Formato: | Libro |
|---|---|
| Lenguaje: | inglés |
| Publicado: |
London
Chartered Insurance Institute
1989
|
| Edición: | 1. ed. |
| Materias: | |
| Etiquetas: |
Sin Etiquetas, Sea el primero en etiquetar este registro!
|
MARC
| LEADER | 00000nam a2200000 4500 | ||
|---|---|---|---|
| 001 | c001761 | ||
| 005 | 20221215114144.9 | ||
| 020 | |a 1-85369-086-4 | ||
| 041 | 0 | |a eng | |
| 044 | |a GB | ||
| 245 | 1 | 0 | |a Medical Underwriting |
| 250 | |a 1. ed. | ||
| 264 | 1 | |a London |b Chartered Insurance Institute |c 1989 | |
| 300 | |a Prer. s. | ||
| 610 | 2 | 0 | |a poistenie nemocenské |
| 610 | 2 | 0 | |a ochrana zdravia |
| 610 | 2 | 0 | |a štýl životný |
| 610 | 2 | 0 | |a riziko |
| 610 | 2 | 0 | |a zdravotníctvo |